000 00780cam a2200205 4500
001 J681
008 090401t1991 xxu||||| |||| 00| 0 eng d
035 _a(Sirsi) u76270
041 _aeng
050 _a692.5
110 _aBuilding Cost Information Service
_91096
245 _aBCIS quarterly review of building prices. - No. 41 (March 1991) - No. 44 (December 1991).
260 _aKingston upon Thames
_bBuilding Cost Information Service
_c1991
300 _a4 pt. ; 30cm.
350 _a0
520 _aThis item is part of a subscription service and cannot be photocopied, neither can any part of it be read out over the phone. Please contract BCIS direct on 0171-222-7000 for details.
650 _aBUILT ENVIRONMENT-BUILDING COSTS
942 _n0
948 _c04/03/1997
999 _c96143
_d96143